[Event "Cairo Egyptian op"]
[Site "Cairo"]
[Date "2012.11.19"]
[Round "8"]
[White "Elzayady, Ahmed"]
[Black "Sarwat, Walaa"]
[Result "0-1"]
[WhiteElo "2159"]
[BlackElo "2312"]
[PlyCount "41"]
[EventDate "2012.11.12"]
[EventType "swiss"]
[EventRounds "9"]
[EventCountry "EGY"]
[SourceTitle "EXT 2014"]
[Source "ChessBase"]
[SourceDate "2013.11.20"]
[SourceVersion "1"]
[SourceVersionDate "2013.11.20"]
[SourceQuality "1"]

1. Nf3 d5 2. c4 c6 3. b3 Nf6 4. Bb2 g6 5. g3 Bg7 6. Bg2 0-0 7. 0-0 Re8 8. d4 Ne4 9. Nbd2 Bf5 10. Nh4 Nxd2 11. Qxd2 Be6 12. c5 Qc8 13. Rfe1 Nd7 14. f4 Nf6 15. Qc2 h6 16. e3 g5 17. Nf3 Ne4 18. Nd2 Nf6 19. fxg5 hxg5 20. e4 dxe4 21. Nxe4 0-1

[Event "Alexandria op 18th"]
[Site "Alexandria"]
[Date "2012.08.31"]
[Round "5"]
[White "Hassan, Sayed Barakat"]
[Black "Elzayady, Ahmed"]
[Result "0-1"]
[WhiteElo "2361"]
[BlackElo "2151"]
[PlyCount "59"]
[EventDate "2012.08.27"]
[EventType "swiss"]
[EventRounds "9"]
[EventCountry "EGY"]
[SourceTitle "CBM 150 Extra"]
[Source "ChessBase"]
[SourceDate "2012.10.19"]
[SourceVersion "1"]
[SourceVersionDate "2012.10.19"]
[SourceQuality "1"]

1. e4 c5 2. Nc3 Nc6 3. Bb5 e6 4. Bxc6 bxc6 5. d3 Ne7 6. f4 d6 7. Nf3 Ng6 8. Qe2 Be7 9. g3 Rb8 10. h4 h5 11. b3 Bf6 12. Bb2 e5 13. f5 Nf8 14. Nd1 g6 15. 0-0 Rg8 16. Kh2 g5 17. hxg5 Bxg5 18. Nf2 Nh7 19. Rg1 Be7 20. g4 hxg4 21. Rxg4 Rh8 22. Nh3 Nf6 23. Rg2 Kd7 24. Nfg1 Ba6 25. Rf2 Rh4 26. Rg2 Qh8 27. Bc3 Rg8 28. Bd2 Rh7 29. Be3 Rxg2+ 30. Qxg2 0-1

[Event "EGY-ch Masters"]
[Site "Cairo"]
[Date "2009.11.21"]
[Round "6.1"]
[White "Elzayady, Ahmed"]
[Black "Amin, Ashraf"]
[Result "0-1"]
[WhiteElo "2136"]
[BlackElo "2336"]
[PlyCount "140"]
[EventDate "2009.11.15"]
[EventType "swiss"]
[EventRounds "8"]
[EventCountry "EGY"]
[SourceTitle "EXT 2024"]
[Source "ChessBase"]
[SourceDate "2023.10.10"]
[SourceVersion "1"]
[SourceVersionDate "2023.10.10"]
[SourceQuality "1"]

1. d4 Nf6 2. c4 e6 3. Nc3 Bb4 4. e3 b6 5. Bd3 Bb7 6. Nge2 Bxg2 7. Rg1 Bf3 8. Rxg7 Ng4 9. h3 h5 10. hxg4 Qf6 11. Rh7 Rxh7 12. Bxh7 h4 13. Qc2 Nc6 14. Bd2 h3 15. Be4 h2 16. Ng3 Bxc3 17. Bxc3 Bxg4 18. Bh1 0-0-0 19. d5 Ne5 20. Qe4 Nf3+ 21. Bxf3 Qxf3 22. Qxf3 Bxf3 23. Kd2 Rg8 24. dxe6 fxe6 25. Re1 d6 26. Kd3 e5 27. e4 Kd7 28. Ke3 Rxg3 29. fxg3 h1Q 30. Rxh1 Bxh1 31. g4 Ke6 32. Be1 Bg2 33. Bh4 Bf1 34. b3 b5 35. cxb5 Bxb5 36. Kd2 Be8 37. Bf2 a6 38. Ke3 Bg6 39. Bh4 c6 40. Bd8 d5 41. exd5+ cxd5 42. Bb6 Bb1 43. a3 Bc2 44. b4 Bd1 45. Bc5 Kf6 46. Bb6 Bxg4 47. a4 Bd7 48. b5 axb5 49. axb5 Bxb5 50. Bd8+ Ke6 51. Bb6 Be8 52. Ba7 Bg6 53. Bc5 Kd7 54. Bb6 Kc6 55. Ba7 Bh7 56. Bb8 d4+ 57. Kd2 Kd5 58. Bc7 Bf5 59. Bd8 Bd7 60. Bf6 Bb5 61. Bd8 e4 62. Bg5 Ke5 63. Bh6 Kf5 64. Bg7 e3+ 65. Kd1 Ke4 66. Bf6 Ba4+ 67. Ke1 d3 68. Bc3 Kd5 69. Bb4 Kc4 70. Ba5 Bc2 0-1